| 000 | 00684cam a2200241 4500 | ||
|---|---|---|---|
| 001 | M1985 | ||
| 008 | 090401t1995 xxu||||| |||| 00| 0 eng d | ||
| 035 | _a(Sirsi) u35815 | ||
| 041 | _aeng | ||
| 050 | _a333.0062 | ||
| 090 | _aRICS 1995/102AB | ||
| 110 |
_aRoyal Institution of Chartered Surveyors _94900 |
||
| 245 | _a9 routes to membership of the Royal Institution of Chartered Surveyors. | ||
| 260 |
_aLondon _bRICS _c1995 |
||
| 300 | _a1 folded sheet ; 11 x 9cm. | ||
| 350 | _a0 | ||
| 650 |
_aAPC _96216 |
||
| 650 |
_aAPC _96216 |
||
| 650 | _aROUTES TO MEMBERSHIP | ||
| 690 | _aMANAGEMENT-BUSINESS MANAGEMENT-PROFESSIONAL PRACTICE | ||
| 942 | _n0 | ||
| 948 | _c04/03/1997 | ||
| 999 |
_c90152 _d90152 |
||